000
00288nam a22001337a 4500
008
170926b xxu||||| |||| 00| 0 eng d
020
_a
9780844221243
041
_a
eng
080
_2
3RD
_a
37
100
_a
46
101
_a
EDU
245
_a
SIX-WAY PARAGRAPHS
_c
PAUK,W
942
_2
udc
_c
BK
999
_c
29972
_d
29972